Geosystems : an introduction to physical geography

Saved in:
Bibliographic Details
Main Author: Christopherson, Robert W.
Format: Book
Language:English
Published: Upper Saddle River : Prentice Hall, c1997
Edition:3rd ed.
Subjects:
Tags: Add Tag
No Tags, Be the first to tag this record!

MARC

LEADER 00000nam a2200000 i 4500
001 1/84815
008 990628s eng d
020 |a 0-13-505314-5 
035 |l 10051696 
040 |a GR-MY-UA  |b gre  |e aacr 
041 0 |a eng 
082 0 |a 910.02 
100 1 |a Christopherson, Robert W. 
245 1 0 |a Geosystems :  |b an introduction to physical geography /  |c Robert W. Christopherson 
250 |a 3rd ed. 
260 |a Upper Saddle River :   |b Prentice Hall,   |c c1997 
300 |a 700 σ.;  |b εικ.;  |c 29 εκ. 
504 |a Περιέχει βιβλιογραφικές παραπομπές και ευρετήρια 
650 0 0 |a Physical geography. 
852 |a INST  |b LESVOS  |e 19990628  |h 910.02 CHR  |p 005100020054  |q 005100020054  |t BK  |y 0 
901 |a BIBL1-1999-2 
909 |a Λ  |b 062480 
922 |a 1ΕΛΗ  |b 199812  |c ΚΠΣ/ΤΓ  |d LEADER 
950 |a 118-1998-10-19 
970 |a ΤΖΑΦΕΡΗ  |b ΕΥΑΓΓΕΛΙΑ  |z 1999/07/30